Acts of love (Record no. 30779)

MARC details
000 -LEADER
fixed length control field 00248nam a2200109Ia 4500
082 ## - DEWEY DECIMAL CLASSIFICATION NUMBER
Classification number 82-3
Item number KAZ
100 ## - MAIN ENTRY--AUTHOR NAME
Personal name Kazan, Elia
245 #0 - TITLE STATEMENT
Title Acts of love
260 ## - PUBLICATION, DISTRIBUTION, ETC. (IMPRINT)
Place of publication London
Name of publisher Granada
Year of publication 1978
942 ## - ADDED ENTRY ELEMENTS (KOHA)
Koha item type Books
Holdings
Withdrawn status Lost status Damaged status Not for loan Home library Current library Date acquired Full call number Accession Number Koha item type
        RRII Library RRII Library 16/12/2021 82-3 KAZ 11338 Books